| 000 | 01839nam a2200361 i 4500 | ||
|---|---|---|---|
| 999 |
_c65567 _d65567 |
||
| 001 | 768714001 | ||
| 003 | CO-MdFUSB | ||
| 005 | 20200529174704.0 | ||
| 007 | ta | ||
| 008 | 200330t1996 mau |||| |||| 00| 0 eng d | ||
| 020 | _a9780943575742 | ||
| 040 |
_aCO-MdFUSB _bspa _cCO-MdFUSB _dCO-MdFUSBC _erda |
||
| 041 | _aeng | ||
| 082 |
_223 _a236.9 _bH747 |
||
| 100 |
_aHolman, Charles. _eautor |
||
| 245 | 1 |
_aTill Jesus comes : _borigins of christian apocalyptic expectation. _c/ Charles L.Holman |
|
| 264 | 1 |
_aMassachusetts : _bHendrickson Publishers, _c[1996] |
|
| 264 | 4 | _c© 1996 | |
| 300 |
_a181 páginas _c; 22 cm |
||
| 336 |
_2rdacontent _atexto _btxt |
||
| 337 |
_2rdamedia _asin mediación _bn |
||
| 338 |
_2rdacarrier _avolumen _bnc |
||
| 500 | _aColección Dawn Christina Harrell | ||
| 505 | _apt. 1: Las raíces de la escatología del Nuevo Testamento: la esperanza del Antiguo Testamento. -- El surgimiento de la expectativa. -- La expectativa y la crisis del exilio. -- pt. 2: Expectativa y demora en los escritos apocalípticos judíos. -- Consideraciones preliminares. -- Apocalipsis judíos tempranos. -- Ideas apocalípticas en otros escritos tempranos. -- Pensamientos finales sobre escatología apocalíptica judía temprana. -- Apocalipsis judíos posteriores (después del año 70 DC) -- pt. 3: Expectativa en los escritos apocalípticos del Nuevo Testamento. -- 2 Tesalonicenses 2: el "apocalipsis paulino" -- El apocalipsis sinóptico. -- Apocalipsis. -- pt. 4: Conclusión y desafío para hoy Revisión y conclusiones. -- Algunas conclusiones para la fe y la práctica. | ||
| 563 | _aRùstico | ||
| 630 | 0 | 7 |
_aBiblia. _pNuevo Testamento |
| 650 | 7 |
_9385 _aReligión |
|
| 650 | 7 |
_9213 _aEscatología |
|
| 653 | _aEventos futuros. | ||
| 942 | _cBK | ||
| 945 |
_aJTF-925 _bAEM-53 |
||